Ortschaften der Stadt Bad Driburg - Statistiken

Allgemein
  • Dieses Quiz wurde 19 mal gespielt
  • Das Durchschnittsergebnis liegt bei 7 aus 10
Antwortstatistiken
Ortschaft % Korrekt
Herste
88%
Pömbsen (inkl. Bad Hermannsborn)
88%
Reelsen
88%
Alhausen
75%
Dringenberg (inkl. Siebenstern)
63%
Erpentrup
63%
Langeland
63%
Neuenheerse
63%
Kernstadt
38%
Kühlsen
25%
Keine übereinstimmenden Quizze gefunden
Verteilung der Resultate
Anzahl Personen mit jedem Resultat
Perzentil nach korrekt beantworteten Fragen
Ihre Resultats-Entwicklung
Sie haben dieses Quiz noch nicht gespielt